000 01910nam a2200385 a 4500
003 BLK
005 20230606145445.0
008 180408b bul|||||r ||||||| ||bul||
010 _aKNG00060034000
040 _aBLK
041 _aBUL
_cBUL
080 _aВъншна търговия. Международна търговия. Външно-търговска политика. Мита. Вж и 336. 4
_b339.5
_x(075.8)
_z339.5(075.8)
080 _aПазар. Анализ на пазара. Търсене. Предлагане. Конкуренция. Маркетингова логистика
_b339.13
_x(075.8)
_z339.13(075.8)
100 1 _aДамянов, Атанас
_eпърви автор
_9364644
139 _aДамянов, Атанас и др.
_bД 15
245 1 0 _aМеждународен маркетинг
_bТекст, анализи, случаи : За студентите от Стоп. акад. Д. А. Ценов - Свищов
_cАтанас Дамянов; съавт. Иван Марчевски.
257 _aBGR
260 _aСвищов
_bАкад. изд. Д. А. Ценов
_c1993
300 _a210 с.
_bсъс сх., табл.
_c24 см
380 _a3
500 _aПълното име на първия авт. е Атанас Дамянов Петров. - Библиогр. след някои гл.
650 4 _aМаркетинг - международна търговия
_9265703
650 4 _aПазари, международни - прогнозиране
_9256558
653 _aмаркетинг
653 _aпазари
653 _aвъншна търговия
700 1 _aМарчевски, Иван
_eсъавт.
_9367340
852 _aЦб 176233
_bЦб
856 4 _qpdf
856 4 _qpdf
942 _cKNG
_n0
944 _aCR
_c13.06.2004
_kЦветанка_Енчева
944 _aED
_c27.09.2006
999 _c56057
_d56057
999 _d56057